000 00660nam a2200253Ia 4500
003 OSt
005 20221006145457.0
006 a|||||r|||| 00| 0
007 ta
008 221006b |||||||| |||| 00| 0 eng d
020 _c
_6.95
024 _a14,940
037 _cTextual
040 _aEASL
_cEASL
_beng
041 _2eng
_aeng
082 _aP41,9, L5
100 _aJAMIESON John C
_9654555
245 0 _aElementary Chinese companion
260 _an
_bFar Eastern Pub.
_c1975
300 _a418p.
_ccm.
700 _a SHIH Li-Lin
_9654556
942 _hP41,9, L5
_cTEXL
_2CC
999 _c1083026
_d1083026